R v Braintree DC, ex parte Halls (Record no. 64547)
[ view plain ]
| 000 -LEADER | |
|---|---|
| fixed length control field | 01432cam a2200229 4500 |
| 001 - CONTROL NUMBER | |
| control field | ABS62793 |
| 008 - FIXED-LENGTH DATA ELEMENTS--GENERAL INFORMATION | |
| fixed length control field | 000000n2000 000 0 eng u |
| 035 ## - SYSTEM CONTROL NUMBER | |
| System control number | (Sirsi) u108035 |
| 245 ## - TITLE STATEMENT | |
| Title | R v Braintree DC, ex parte Halls |
| 260 ## - PUBLICATION, DISTRIBUTION, ETC. | |
| Date of publication, distribution, etc. | 2000 |
| 490 ## - SERIES STATEMENT | |
| Series statement | Property and Compensation Reports |
| Volume/sequential designation | [2000] 80 P&CR 266-279(7) |
| 520 ## - SUMMARY, ETC. | |
| Summary, etc. | CA 1 March 2000. H and his father excercised right to buy the house of which they were tenants from the council, B. District valuer's valuation of the property did not include any allowance for development potential. Conveyance contained a covenant that the property was to be used as a single dwelling-house only. H then obtained plannning permission to erect a further dwelling house within the property''s curtilage and he intended to sell part of the garden to a developer. He requested B's consent to the sale for the purposes of the restrictive covenant. B agreed to release H from the covenant if he paid 90% of the open market value of the plot. H applied for judicial review and court below held that it was not unlawful for B to seek payment for release from covenant. H appealed. Appeal dismissed. |
| 590 ## - LOCAL NOTE (RLIN) | |
| Local note | ABS |
| 650 ## - SUBJECT ADDED ENTRY--TOPICAL TERM | |
| Topical term or geographic name entry element | R V BRAINTREE DC EX P HALLS |
| 650 ## - SUBJECT ADDED ENTRY--TOPICAL TERM | |
| Topical term or geographic name entry element | HOUSING ACT 1985 |
| 650 ## - SUBJECT ADDED ENTRY--TOPICAL TERM | |
| Topical term or geographic name entry element | RIGHT TO BUY |
| 650 ## - SUBJECT ADDED ENTRY--TOPICAL TERM | |
| Topical term or geographic name entry element | RESTRICTIVE COVENANT |
| 650 ## - SUBJECT ADDED ENTRY--TOPICAL TERM | |
| Topical term or geographic name entry element | PLANNING PERMISSION |
| 650 ## - SUBJECT ADDED ENTRY--TOPICAL TERM | |
| Topical term or geographic name entry element | OPEN MARKET VALUE |
| 690 ## - LOCAL SUBJECT ADDED ENTRY--TOPICAL TERM (OCLC, RLIN) | |
| Topical term or geographic name as entry element | PROPERTY AND LAND LAW-CASE LAW |
| 942 ## - ADDED ENTRY ELEMENTS (KOHA) | |
| Suppress in OPAC | 0 |
| Withdrawn status | Lost status | Source of classification or shelving scheme | Damaged status | Not for loan | Home library | Current library | Shelving location | Date acquired | Total Checkouts | Full call number | Barcode | Date last seen | Copy number | Price effective from | Koha item type |
|---|---|---|---|---|---|---|---|---|---|---|---|---|---|---|---|
| Dewey Decimal Classification | London | London | Journal article | 30/08/2000 | ABS62793 | 108035-1001 | 06/08/2019 | 1 | 06/08/2019 | Law report |